<?xml version="1.0" encoding="UTF-8"?>
<collection xmlns="http://www.loc.gov/MARC21/slim">
 <record>
  <leader>00932nam a22002177a 4500</leader>
  <controlfield tag="001">28773</controlfield>
  <controlfield tag="003">BD-DhAAL</controlfield>
  <controlfield tag="008">150114s2013    bg a         o000 0 eng d</controlfield>
  <datafield tag="040" ind1=" " ind2=" ">
   <subfield code="a">BD-DhAAL</subfield>
   <subfield code="c">BD-DhAAL</subfield>
  </datafield>
  <datafield tag="082" ind1="0" ind2="0">
   <subfield code="a">338.9</subfield>
  </datafield>
  <datafield tag="245" ind1="0" ind2="0">
   <subfield code="a">National sustainable development strategy 2010-2021</subfield>
  </datafield>
  <datafield tag="260" ind1=" " ind2=" ">
   <subfield code="a">Dhaka :</subfield>
   <subfield code="b">General economics division;</subfield>
   <subfield code="c">2013</subfield>
  </datafield>
  <datafield tag="300" ind1=" " ind2=" ">
   <subfield code="a">xviii, 123 p. :</subfield>
   <subfield code="b">ill. ;</subfield>
   <subfield code="c">28 cm.</subfield>
  </datafield>
  <datafield tag="541" ind1=" " ind2=" ">
   <subfield code="e">28773</subfield>
  </datafield>
  <datafield tag="650" ind1=" " ind2="0">
   <subfield code="a">Economic development</subfield>
   <subfield code="9">7390</subfield>
  </datafield>
  <datafield tag="650" ind1=" " ind2="0">
   <subfield code="a">Economic development</subfield>
   <subfield code="x">Social aspects</subfield>
   <subfield code="9">6350</subfield>
  </datafield>
  <datafield tag="710" ind1="2" ind2=" ">
   <subfield code="a">General Economics Division; Planning Commission</subfield>
   <subfield code="9">7391</subfield>
  </datafield>
  <datafield tag="942" ind1=" " ind2=" ">
   <subfield code="2">ddc</subfield>
   <subfield code="c">BK</subfield>
  </datafield>
  <datafield tag="999" ind1=" " ind2=" ">
   <subfield code="c">33484</subfield>
   <subfield code="d">33484</subfield>
  </datafield>
  <datafield tag="952" ind1=" " ind2=" ">
   <subfield code="0">0</subfield>
   <subfield code="1">0</subfield>
   <subfield code="2">ddc</subfield>
   <subfield code="4">0</subfield>
   <subfield code="6">338_900000000000000_NAT</subfield>
   <subfield code="7">0</subfield>
   <subfield code="9">44760</subfield>
   <subfield code="a">BRACUL</subfield>
   <subfield code="b">BRACUL</subfield>
   <subfield code="c">GEN</subfield>
   <subfield code="d">2015-01-14</subfield>
   <subfield code="l">0</subfield>
   <subfield code="o">338.9 NAT</subfield>
   <subfield code="p">3010028773</subfield>
   <subfield code="r">2015-01-14</subfield>
   <subfield code="t">1</subfield>
   <subfield code="w">2015-01-14</subfield>
   <subfield code="y">BK</subfield>
  </datafield>
  <datafield tag="952" ind1=" " ind2=" ">
   <subfield code="0">0</subfield>
   <subfield code="1">0</subfield>
   <subfield code="2">ddc</subfield>
   <subfield code="4">0</subfield>
   <subfield code="6">338_900000000000000_NAT</subfield>
   <subfield code="7">0</subfield>
   <subfield code="9">56348</subfield>
   <subfield code="a">CED</subfield>
   <subfield code="b">CED</subfield>
   <subfield code="c">GEN</subfield>
   <subfield code="d">2015-10-18</subfield>
   <subfield code="e">Development Book Agency</subfield>
   <subfield code="g">400.00</subfield>
   <subfield code="l">0</subfield>
   <subfield code="o">338.9 NAT</subfield>
   <subfield code="p">3010030037</subfield>
   <subfield code="r">2015-10-18</subfield>
   <subfield code="t">2</subfield>
   <subfield code="w">2015-10-18</subfield>
   <subfield code="y">BK</subfield>
  </datafield>
 </record>
</collection>
